Algunos aspectos de la nueva regulación de las haciendas provinciales ; especial referencia a la hacienda de la Diputación Provincial de Barcelona / [Ramón Curull]
Descripción Física:
26 f. : mecanografiats ; 28 cm
Materias:
Finances públiques
MARC
| LEADER | 00000nam a2200000Ia 4500 | ||
|---|---|---|---|
| 001 | 950 | ||
| 008 | 160829s1946] xx 000 0 cat d | ||
| 080 | |a M-3-182 | ||
| 100 | |a Curull, Ramon |9 24446 | ||
| 245 | |a Algunos aspectos de la nueva regulación de las haciendas provinciales ; especial referencia a la hacienda de la Diputación Provincial de Barcelona / [Ramón Curull] | ||
| 260 | |a [Barcelona : |b s.n., |c 1946] | ||
| 300 | |a 26 f. : |b mecanografiats ; |c 28 cm | ||
| 650 | 0 | |a Finances públiques |9 24447 | |
| 901 | |a Arxiu | ||
| 942 | |n 1 | ||
| 952 | |0 0 |1 0 |4 0 |6 M3182 |7 1 |9 43159 |a Arxiu |b Arxiu |d 2016-12-01 |l 0 |o M-3-182 |p 950 |r 2016-12-01 00:00:00 |w 2016-12-01 |y ARXIU | ||
| 999 | |c 45703 |d 45703 | ||